Devine l'anime/manga #1 - Statistiques

Statistiques générales
  • Ce quiz a été pris 213 fois
  • Le résultat moyen est 12 sur 16
Statistiques - réponses
Par images Réponse % Correct
Naruto
99%
One Piece
99%
Assassination Classroom
96%
My Hero Academia
96%
Bleach
95%
One Punch Man
94%
Haikyu
90%
Blue Lock
86%
Solo Leveling
82%
Sword Art Online
79%
Attaque des Titans
72%
Chainsaw Man
72%
Frieren
56%
Oshi No Ko
53%
Horimiya
41%
Mushoku Tensei
28%
Aucun quiz correspondant
Distribution des résultats
% des personnes avec chaque résultat
Percentile par nombre de réponses
Votre historique - résultats
Vous n’avez pas pris ce quiz